000
00208 a2200097 4500
001
126708
040
_c
Escola Canadense de Niteroi
090
_a
MP
245
1
0
_a
Jogo de Encaixe Madeira Árvore
942
_c
MATP
999
_c
126708
_d
126708